000 01036cam a22003257a 4500
003 CHAP
005 20220329133535.0
008 971013s1993 r 00010 d
010 _a7602
011 _a8574
035 _a7803
040 _cCHAP
090 _aFolleto 8107
100 0 0 _aRenner, S. S.
_995961
245 1 2 _aA history of botanical exploration in Amazonian Ecuador 1739-1988
260 _aWashington, D.C. :
_bSmithsonian Institution,
_c1993
300 _a39 p.
490 0 _aSmithsonian contributions to botany
_v; 82
590 _aBATCH-UPD
_b10
_c20130110
_lUCH01
_h1841
590 _aBATCH-UPD
_b10
_c20130410
_lUCH01
_h1212
590 _aBATCH-UPD
_b10
_c20130914
_lUCH01
_h0727
590 _aCONVERSION
_b10
_c20130109
_lUCH01
_h1305
650 1 4 _aBotánica
_xEcuador.
_914534
650 1 4 _aBotánica
_xEcuador.
_914534
790 _aexploración botánica
830 0 _aSmithsonian contributions to botany
_v; 82
_9107168
901 _aBK
942 _cFOLL
949 _aFolleto 8207
_bBC
_cFOLL
_d-17660
_eTS1
_i7803
_si
999 _c7602
_d7602